00622nam a2200193Ia 4500008004100000020001300041082001500054100001500069245003200084250000700116260003400123300002900157500001900186600002100205650005000226942000700276952013000283999001500413240925s9999 xx 000 0 und d a70317984 a004.22 HWA aHwang, Kai 0aScalable Parallel Computing aNA aBoston:bMC Graw-Hillc,1997. axxiv,712p.bNAfOriginal aIncludes Index aComputer Science aComputer science, information & general works cBK 001040708CSaUITUbUITUd2002-11-19eKhaliq book Binderg561.20l0o004.22 HWApQ4748r2024-09-25 07:13:37w2024-09-25yBK c7247d7247